Memòria 1988 - 1995 / PCAL, Pla de Cooperació i Assistència Local
ISBN:
84-7794-368-0
Publicado:
[Barcelona] :
Diputació de Barcelona, Àrea de Cooperació, Servei de Cooperació Local ,
1995
Descripción Física:
133 p. : il., amb map., 1 map. pleg. ; 30 cm
MARC
| LEADER | 00000nam a2200000Ia 4500 | ||
|---|---|---|---|
| 001 | 11472 | ||
| 008 | 160829s1995 xx 000 0 cat d | ||
| 020 | |a 84-7794-368-0 | ||
| 080 | |a M-1-161 | ||
| 110 | 2 | |a Pla de Cooperació i Assistència Local |9 55243 | |
| 245 | |a Memòria 1988 - 1995 / PCAL, Pla de Cooperació i Assistència Local | ||
| 260 | |a [Barcelona] : |b Diputació de Barcelona, Àrea de Cooperació, Servei de Cooperació Local, |c 1995 | ||
| 300 | |a 133 p. : |b il., amb map., 1 map. pleg. ; |c 30 cm | ||
| 610 | 2 | 0 | |a Pla de Cooperació i Assistència Local |v Revistes |9 55244 |
| 901 | |a Arxiu | ||
| 942 | |n 1 | ||
| 952 | |0 0 |1 0 |4 0 |6 M1161 |7 1 |9 49167 |a Arxiu |b Arxiu |d 2016-12-01 |l 0 |o M-1-161 |p 11472 |r 2016-12-01 00:00:00 |w 2016-12-01 |y ARXIU | ||
| 999 | |c 53007 |d 53007 | ||